Happy times: student's book 4
সংরক্ষণ করুন:
| প্রধান লেখক: | |
|---|---|
| বিন্যাস: | গ্রন্থ |
| ভাষা: | ইংরেজি |
| প্রকাশিত: |
Oxford
MacMillan
2000
|
| বিষয়গুলি: | |
| ট্যাগগুলো: |
ট্যাগ যুক্ত করুন
কোনো ট্যাগ নেই, প্রথমজন হিসাবে ট্যাগ করুন!
|
MARC
| LEADER | 00000nam a2200000 a 4500 | ||
|---|---|---|---|
| 001 | UCN0071 | ||
| 003 | CL-VaPUC | ||
| 008 | 010316e20000000UK |||||||||||||||||eng|d | ||
| 082 | 0 | 4 | |a 372.6521 |b BIT |2 21 |
| 100 | 0 | |a Bittinger, Judie |e author |9 455324 | |
| 245 | 1 | 0 | |a Happy times: student's book 4 |
| 300 | |a 79 p | ||
| 942 | |c BK | ||
| 945 | |d 20010316 00:00:00 |a cmena | ||
| 260 | |a Oxford |b MacMillan |c 2000 | ||
| 500 | |a Complementario con cassette 4 Happy Times | ||
| 650 | 0 | |a Inglés |9 260023 | |
| 650 | 0 | |a Educación lingüística |9 306506 | |
| 650 | 0 | |a Enseñanza del inglés |9 367340 | |
| 650 | 0 | |a Educación básica |9 224933 | |
| 650 | 0 | |a Métodos de enseñanza |9 270413 | |
| 650 | 0 | |a Libros de texto |9 270019 | |
| 583 | |a last modification |c 20010316 00:00:00 |k Rodrigo Vera | ||
| 999 | |c 294034 |d 294032 | ||
| 952 | |0 0 |1 0 |4 0 |6 372_652100000000000_BIT_2000 |7 0 |8 A |9 345874 |a BIBEDU |b BIBEDU |d 2019-11-20 |i 3693163 |o 372.6521 BIT 2000 |p 3693163 |r 2019-11-20 |w 2019-11-20 |y BK |k LIT | ||